[Event "Titled Tuesday intern op 16th Apr Early"]
[Site "Chess.com INT"]
[Date "2024.04.16"]
[Round "8"]
[White "Womacka, Mathias"]
[Black "Ginzburg, Mikhail"]
[Result "1-0"]
[WhiteElo "2359"]
[BlackElo "2229"]
[PlyCount "83"]
[EventDate "2024.04.16"]
[EventType "swiss (blitz)"]
[EventRounds "11"]
[EventCountry "USA"]
[SourceTitle "CB17_2024"]
[SourceDate "2024.04.24"]
[SourceVersion "1"]
[SourceVersionDate "2024.04.24"]
[SourceQuality "1"]

1. e4 e5 2. Nf3 Nc6 3. Bb5 a6 4. Bxc6 dxc6 5. 0-0 f6 6. d4 exd4 7. Nxd4 c5 8. Ne2 Qxd1 9. Rxd1 Bd7 10. Nbc3 0-0-0 11. Be3 b6 12. a4 a5 13. Nb5 Ne7 14. Bf4 Bxb5 15. Rxd8+ Kxd8 16. axb5 Ng6 17. Rd1+ Kc8 18. Bg3 Be7 19. Nc3 Rd8 20. Rxd8+ Bxd8 21. Nd5 Kd7 22. c4 Ne7 23. Kf1 c6 24. Nc3 cxb5 25. Nxb5 Nc8 26. Ke2 Be7 27. Kd3 Bd8 28. f4 Nd6 29. Nxd6 Kxd6 30. f5+ Kd7 31. e5 fxe5 32. Bxe5 Bf6 33. Ke4 Ke7 34. Kd5 Kd7 35. b3 Bxe5 36. Kxe5 b5 37. cxb5 c4 38. bxc4 a4 39. Kd4 Kd6 40. g4 a3 41. Kc3 Kc5 42. g5 1-0

[Event "Jastrzebskie op"]
[Site "Ustron"]
[Date "2013.08.28"]
[Round "7"]
[White "Ginzburg, Mikhail"]
[Black "Kislinsky, Alexey"]
[Result "0-1"]
[WhiteElo "2243"]
[BlackElo "2521"]
[PlyCount "88"]
[EventDate "2013.08.25"]
[EventType "swiss"]
[EventRounds "7"]
[EventCountry "POL"]
[SourceTitle "CBM 156 Extra"]
[Source "ChessBase"]
[SourceDate "2013.10.22"]
[SourceVersion "1"]
[SourceVersionDate "2013.10.22"]
[SourceQuality "1"]

1. d4 g6 2. e4 Bg7 3. Nc3 d6 4. Be3 Nf6 5. f3 a6 6. Qd2 Nbd7 7. Bh6 Bxh6 8. Qxh6 c5 9. Nge2 Qa5 10. h4 b5 11. h5 Rg8 12. hxg6 hxg6 13. Qd2 Bb7 14. Nd1 Qc7 15. d5 Ne5 16. Ng3 e6 17. Ne3 exd5 18. exd5 0-0-0 19. 0-0-0 c4 20. Be2 Qc5 21. f4 Ned7 22. Bf3 Rde8 23. Rhe1 Kc7 24. Re2 Nb6 25. Kb1 c3 26. Qxc3 Qxc3 27. bxc3 Na4 28. Rd3 Nd7 29. Nd1 Rxe2 30. Nxe2 Rh8 31. Kc1 Ndb6 32. Ne3 Re8 33. Kd2 Nb2 34. Rd4 f5 35. Rb4 N2c4+ 36. Nxc4 Nxc4+ 37. Kd3 Kb6 38. Kd4 Nd2 39. Nc1 a5 40. Rb2 Nc4 41. Rb3 a4 42. Rb4 Ne3 43. Kd3 Kc5 44. Rd4 Nf1 0-1

[Event "Rewal op-A 14th"]
[Site "Rewal"]
[Date "2009.08.22"]
[Round "3"]
[White "Aliavdin, Nikolai"]
[Black "Ginzburg, Mikhail"]
[Result "1/2-1/2"]
[WhiteElo "2372"]
[BlackElo "2251"]
[PlyCount "26"]
[EventDate "2009.08.19"]
[EventType "swiss"]
[EventRounds "9"]
[EventCountry "POL"]
[SourceTitle "CBM 131 Extra"]
[Source "ChessBase"]
[SourceDate "2009.09.03"]
[SourceVersion "2"]
[SourceVersionDate "2009.09.16"]
[SourceQuality "1"]

1. e4 c5 2. Nf3 d6 3. d4 cxd4 4. Nxd4 Nf6 5. Nc3 Nc6 6. Bc4 e5 7. Nde2 Be7 8. Bg5 a6 9. 0-0 0-0 10. Bxf6 Bxf6 11. Nd5 Bg4 12. a4 Kh8 13. c3 Ne7 1/2-1/2

[Event "Rewal op-A 14th"]
[Site "Rewal"]
[Date "2009.08.20"]
[Round "1"]
[White "Jelen, Janusz"]
[Black "Ginzburg, Mikhail"]
[Result "0-1"]
[WhiteElo "1993"]
[BlackElo "2251"]
[PlyCount "66"]
[EventDate "2009.08.19"]
[EventType "swiss"]
[EventRounds "9"]
[EventCountry "POL"]
[SourceTitle "CBM 131 Extra"]
[Source "ChessBase"]
[SourceDate "2009.09.03"]
[SourceVersion "2"]
[SourceVersionDate "2009.09.16"]
[SourceQuality "1"]

1. c4 e6 2. Nc3 d5 3. d4 Nf6 4. Bg5 Nbd7 5. Qd2 c6 6. f3 h6 7. Bh4 dxc4 8. a4 Bb4 9. Bxf6 Nxf6 10. e4 b5 11. Nge2 0-0 12. g4 a6 13. h4 Nh7 14. Qe3 Re8 15. Kf2 Bb7 16. f4 Nf6 17. Bh3 c5 18. g5 cxd4 19. Nxd4 Bxc3 20. bxc3 Nxe4+ 21. Kg1 h5 22. axb5 axb5 23. Rxa8 Qxa8 24. Bg2 Rd8 25. Kh2 Qa2 26. Rg1 b4 27. cxb4 Qb2 28. Ne2 Rd3 29. Qb6 Qxe2 30. Qxb7 Rh3+ 31. Kxh3 Qg4+ 32. Kh2 Qg3+ 33. Kh1 Nf2# 0-1

[Event "Wloclawek Weekend Classic 4th"]
[Site "Wloclawek"]
[Date "2008.04.02"]
[Round "5"]
[White "Ginzburg, Mikhail"]
[Black "Khamitskiy, Sergei"]
[Result "1/2-1/2"]
[WhiteElo "2262"]
[BlackElo "2367"]
[PlyCount "43"]
[EventDate "2008.04.02"]
[EventType "swiss"]
[EventRounds "5"]
[EventCountry "POL"]
[SourceTitle "EXT 2010"]
[Source "ChessBase"]
[SourceDate "2010.11.25"]
[SourceVersion "1"]
[SourceVersionDate "2010.11.25"]
[SourceQuality "1"]

1. e4 e6 2. d4 d5 3. e5 c5 4. c3 Qb6 5. Nf3 Bd7 6. Be2 Bb5 7. 0-0 Bxe2 8. Qxe2 Qa6 9. Qd1 Nd7 10. Re1 Ne7 11. Nbd2 Nc6 12. a3 cxd4 13. cxd4 Be7 14. Nf1 h6 15. Rb1 Nb6 16. Ne3 Rc8 17. h3 Rc7 18. Re2 Kd7 19. Rc2 Rhc8 20. Bd2 Qd3 21. Rc3 Qe4 22. Be1 1/2-1/2

[Event "Wloclawek Weekend Classic 4th"]
[Site "Wloclawek"]
[Date "2008.04.02"]
[Round "4"]
[White "Golinski, Damian"]
[Black "Ginzburg, Mikhail"]
[Result "0-1"]
[WhiteElo "1920"]
[BlackElo "2262"]
[PlyCount "64"]
[EventDate "2008.04.02"]
[EventType "swiss"]
[EventRounds "5"]
[EventCountry "POL"]
[SourceTitle "EXT 2010"]
[Source "ChessBase"]
[SourceDate "2010.11.25"]
[SourceVersion "1"]
[SourceVersionDate "2010.11.25"]
[SourceQuality "1"]

1. e4 c5 2. Nf3 d6 3. d4 cxd4 4. Nxd4 Nf6 5. Nc3 Nc6 6. Bg5 Bd7 7. Be2 Qa5 8. Bxf6 gxf6 9. Nb3 Qd8 10. Qd2 a6 11. a4 Rc8 12. f4 Na5 13. Qd5 Nxb3 14. Qxb3 Qc7 15. Nd5 Qa5+ 16. c3 Bc6 17. Bg4 Rb8 18. Qc4 Bg7 19. Ne3 h5 20. Bh3 Qb6 21. Nf5 Bf8 22. b4 e6 23. Nd4 d5 24. exd5 Bxd5 25. Qd3 Rc8 26. Rb1 Qc7 27. f5 Qxc3+ 28. Qxc3 Rxc3 29. Kd2 Rc4 30. Nc2 Bh6+ 31. Kd3 e5 32. Rhe1 e4+ 0-1

[Event "Pobeskydy Radegast 19th"]
[Site "Frydek Mistek"]
[Date "2008.03.21"]
[Round "4"]
[White "Ginzburg, Mikhail"]
[Black "Michenka, Jozef"]
[Result "0-1"]
[WhiteElo "2262"]
[BlackElo "2382"]
[PlyCount "152"]
[EventDate "2008.03.20"]
[EventType "tourn"]
[EventRounds "9"]
[EventCountry "CZE"]
[EventCategory "2"]
[SourceTitle "EXT 2010"]
[Source "ChessBase"]
[SourceDate "2010.11.25"]
[SourceVersion "1"]
[SourceVersionDate "2010.11.25"]
[SourceQuality "1"]

1. e4 c5 2. Nf3 d6 3. c3 Nf6 4. h3 g6 5. Bd3 Bg7 6. 0-0 0-0 7. Bc2 Nc6 8. d4 cxd4 9. cxd4 e5 10. Re1 Nh5 11. dxe5 dxe5 12. Nc3 Nf4 13. Nd5 Nxd5 14. exd5 Nd4 15. Nxd4 exd4 16. Bb3 Qf6 17. Bd2 Bd7 18. Rc1 Rfc8 19. Rxc8+ Rxc8 20. Qe2 Bf8 21. Qe5 Qxe5 22. Rxe5 b6 23. Re4 Bc5 24. Bd1 a5 25. a3 Bf5 26. Re1 Bd6 27. Ba4 h5 28. Re8+ Rxe8 29. Bxe8 Kf8 30. Bb5 Ke7 31. f3 Bg3 32. Kf1 Kd6 33. Bc4 Kc5 34. Ba6 Kxd5 35. Ke2 Bc2 36. Bb5 Kc5 37. Bd3 Bb3 38. Bg5 a4 39. Be7+ Kd5 40. Bg5 Bc4 41. Bh6 b5 42. Bg5 Bd6 43. Bd2 f5 44. g4 Bg3 45. Bh6 Bh2 46. Kd2 Ke6 47. Ke2 Kf6 48. gxh5 gxh5 49. Kd2 Ke5 50. Bf8 Bf4+ 51. Kc2 Be3 52. Be7 Kf4 53. Bd6+ Kxf3 54. Bxf5 Ke2 55. Bg6 Bb3+ 56. Kb1 h4 57. Bh5+ Kf2 58. Bg6 Be6 59. Bd3 Bd7 60. Kc2 Kg2 61. b3 Kxh3 62. bxa4 bxa4 63. Bf1+ Kg4 64. Be2+ Kf5 65. Bf1 Kg6 66. Bh2 Bf5+ 67. Kd1 d3 68. Ke1 Kg5 69. Bd6 h3 70. Bb4 Kg4 71. Bd6 Kf3 72. Bh2 Bf4 73. Bg1 h2 74. Bxh2 Bxh2 75. Kd2 Bf4+ 76. Ke1 Ke3 0-1

[Event "Moscow op-B 04th"]
[Site "Moscow"]
[Date "2008.02.06"]
[Round "5"]
[White "Ljamin, Vladimir"]
[Black "Ginzburg, Mikhail"]
[Result "1/2-1/2"]
[WhiteElo "2152"]
[BlackElo "2262"]
[PlyCount "81"]
[EventDate "2008.02.02"]
[EventType "swiss"]
[EventRounds "9"]
[EventCountry "RUS"]
[SourceTitle "CBM 122 Extra"]
[Source "ChessBase"]
[SourceDate "2008.03.04"]
[SourceVersion "1"]
[SourceVersionDate "2008.03.04"]
[SourceQuality "1"]

1. e4 d5 2. exd5 Qxd5 3. Nc3 Qd6 4. d4 Nf6 5. Bc4 a6 6. Nge2 b5 7. Bf4 Qc6 8. Bb3 Qxg2 9. Rg1 Qb7 10. d5 Nbd7 11. Qd4 Qa7 12. 0-0-0 Bb7 13. Bxc7 Qxd4 14. Rxd4 Rc8 15. Bf4 Nc5 16. Be5 h5 17. h3 Kd7 18. Nf4 Ne8 19. Nd3 Nxd3+ 20. Rxd3 f6 21. Bh2 Nd6 22. Bxd6 exd6 23. Ne2 Re8 24. Nf4 g5 25. Ne6 Be7 26. Kd2 Bd8 27. c4 Ba5+ 28. Ke2 Rc8 29. cxb5 axb5 30. Kf3 Rhe8 31. Kg3 Bb6 32. Rf3 Rxe6 33. dxe6+ Ke7 34. Rc3 h4+ 35. Kg4 Rxc3 36. bxc3 Bxf2 37. Rd1 Bc5 38. Re1 Bc6 39. Re2 Ba3 40. Rd2 Bc5 41. Re2 1/2-1/2

[Event "St Petersburg FINEC GM-B"]
[Site "St Petersburg"]
[Date "2008.02.01"]
[Round "9"]
[White "Zacurdajev, Mikhail"]
[Black "Ginzburg, Mikhail"]
[Result "0-1"]
[WhiteElo "2408"]
[BlackElo "2262"]
[PlyCount "146"]
[EventDate "2008.01.24"]
[EventType "tourn"]
[EventRounds "9"]
[EventCountry "RUS"]
[EventCategory "7"]
[SourceTitle "CBM 122 Extra"]
[Source "ChessBase"]
[SourceDate "2008.03.04"]
[SourceVersion "1"]
[SourceVersionDate "2008.03.04"]
[SourceQuality "1"]

1. c4 c6 2. e4 d5 3. exd5 cxd5 4. d4 Nc6 5. Nc3 e6 6. Nf3 Nf6 7. Bd3 dxc4 8. Bxc4 Be7 9. 0-0 0-0 10. a3 a6 11. Ba2 Qa5 12. Qe2 Re8 13. Bf4 Qf5 14. Qd2 b5 15. Rfe1 Rd8 16. Rac1 b4 17. axb4 Bxb4 18. Bb1 Qh5 19. Bg5 Bb7 20. Bxf6 gxf6 21. Qf4 f5 22. d5 exd5 23. Ne5 Bf8 24. Qg3+ Bg7 25. Nxc6 Bxc6 26. Ne2 Rac8 27. Nd4 Bd7 28. h3 Qg6 29. Rxc8 Rxc8 30. Qf4 Qf6 31. Rd1 Qe5 32. Qh4 h6 33. Qh5 f4 34. Bf5 Rc4 35. Qg4 h5 36. Qg5 Rxd4 37. Rxd4 Qxf5 38. Qxf5 Bxf5 39. Rxd5 Be6 40. Rxh5 Bxb2 41. Ra5 Bc8 42. Rc5 Bd7 43. Rd5 Bb5 44. Rf5 Bc1 45. Rc5 Ba3 46. Rf5 Bd6 47. Rd5 Bc7 48. Rc5 Bd6 49. Rd5 Bf8 50. Rf5 Bh6 51. g4 fxg3 52. fxg3 Be3+ 53. Kg2 Bd2 54. Kf2 Kg7 55. Rd5 Bb4 56. g4 Bc6 57. Rg5+ Kh7 58. Ke3 a5 59. Rf5 Kg7 60. Rg5+ Kf8 61. Kd3 a4 62. Kc4 Be7 63. Ra5 a3 64. Ra7 Be4 65. Kd4 Bb1 66. g5 a2 67. h4 Kg7 68. Ra6 Bd8 69. Kc3 Bc7 70. Kd4 Bf4 71. Ra7 Kg6 72. Ra4 Kf5 73. Ra5+ Kg4 0-1

[Event "St Petersburg FINEC GM-B"]
[Site "St Petersburg"]
[Date "2008.01.31"]
[Round "8"]
[White "Ginzburg, Mikhail"]
[Black "Sudakova, Irina"]
[Result "1/2-1/2"]
[WhiteElo "2262"]
[BlackElo "2333"]
[PlyCount "65"]
[EventDate "2008.01.24"]
[EventType "tourn"]
[EventRounds "9"]
[EventCountry "RUS"]
[EventCategory "7"]
[SourceTitle "CBM 122 Extra"]
[Source "ChessBase"]
[SourceDate "2008.03.04"]
[SourceVersion "1"]
[SourceVersionDate "2008.03.04"]
[SourceQuality "1"]

1. e4 e5 2. Nf3 Nc6 3. Bb5 a6 4. Ba4 f5 5. Nc3 fxe4 6. Nxe4 b5 7. Bb3 d5 8. Nxe5 Nxe5 9. Qh5+ Ng6 10. Bxd5 Bg4 11. Bc6+ Bd7 12. Qd5 Bxc6 13. Qxc6+ Kf7 14. 0-0 h6 15. Re1 Be7 16. a4 Nf6 17. Nxf6 gxf6 18. axb5 axb5 19. Rxa8 Qxa8 20. Qxb5 Rg8 21. Qh5 Qa4 22. Qd5+ Kg7 23. d4 Qxc2 24. Bxh6+ Kxh6 25. Qxg8 Bb4 26. Rf1 Qxb2 27. Qd8 Be7 28. Qxc7 Qxd4 29. Qc1+ Kg7 30. Rd1 Qe4 31. Qb1 Qc6 32. Qf5 Qxg2+ 33. Kxg2 1/2-1/2

[Event "St Petersburg FINEC GM-B"]
[Site "St Petersburg"]
[Date "2008.01.29"]
[Round "6"]
[White "Ginzburg, Mikhail"]
[Black "Shishkin, Vadim"]
[Result "0-1"]
[WhiteElo "2262"]
[BlackElo "2493"]
[PlyCount "60"]
[EventDate "2008.01.24"]
[EventType "tourn"]
[EventRounds "9"]
[EventCountry "RUS"]
[EventCategory "7"]
[SourceTitle "CBM 122 Extra"]
[Source "ChessBase"]
[SourceDate "2008.03.04"]
[SourceVersion "1"]
[SourceVersionDate "2008.03.04"]
[SourceQuality "1"]

1. e4 c5 2. Nf3 Nc6 3. d4 cxd4 4. Nxd4 Nf6 5. Nc3 d6 6. Bg5 Bd7 7. Qd2 Nxd4 8. Qxd4 h6 9. Bxf6 gxf6 10. 0-0-0 Qa5 11. f4 Rc8 12. Kb1 Qc5 13. Qd2 f5 14. exf5 Bxf5 15. Bb5+ Kd8 16. Bd3 Bxd3 17. Qxd3 Bg7 18. Nd5 e6 19. Ne3 Rc6 20. c3 Kc8 21. f5 Kb8 22. Rhf1 Rhc8 23. Rf4 d5 24. Rb4 Qd6 25. h3 Bxc3 26. bxc3 Rxc3 27. Qb5 Qc7 28. Rb3 Rxe3 29. Rb2 Rc3 30. a4 a6 0-1

[Event "St Petersburg FINEC GM-B"]
[Site "St Petersburg"]
[Date "2008.01.28"]
[Round "5"]
[White "Ginzburg, Mikhail"]
[Black "Goganov, Aleksey"]
[Result "0-1"]
[WhiteElo "2262"]
[BlackElo "2358"]
[PlyCount "132"]
[EventDate "2008.01.24"]
[EventType "tourn"]
[EventRounds "9"]
[EventCountry "RUS"]
[EventCategory "7"]
[SourceTitle "CBM 122 Extra"]
[Source "ChessBase"]
[SourceDate "2008.03.04"]
[SourceVersion "1"]
[SourceVersionDate "2008.03.04"]
[SourceQuality "1"]

1. e4 e5 2. Nf3 Nc6 3. Bb5 a6 4. Ba4 Nf6 5. 0-0 Be7 6. Re1 b5 7. Bb3 0-0 8. a4 Bb7 9. d3 d6 10. c3 Na5 11. Bc2 c5 12. Nbd2 Nc6 13. Nf1 Re8 14. Ng3 Bf8 15. d4 cxd4 16. cxd4 Rc8 17. axb5 axb5 18. d5 Nb4 19. Bb1 Qc7 20. Bd2 Nc2 21. Bxc2 Qxc2 22. Ra7 Qc7 23. Qe2 Qd7 24. Ra5 Rc5 25. Bb4 Rc4 26. Bc3 Ra8 27. Rxa8 Bxa8 28. Ra1 Ra4 29. Rxa4 bxa4 30. Qa6 Bb7 31. Qb6 Be7 32. h3 g6 33. Nd2 h5 34. Bb4 Kg7 35. Ne2 Bxd5 36. exd5 Nxd5 37. Qa5 Nxb4 38. Qxb4 d5 39. Qa5 Bd8 40. Qc3 Bf6 41. Qc2 e4 42. Nb1 Qb5 43. Nec3 Qc5 44. Qd2 Bd4 45. Nd1 Bf6 46. Nbc3 Qb4 47. Qc2 d4 48. Qxa4 Qb7 49. Qb5 dxc3 50. Qxb7 c2 51. Qxe4 cxd1Q+ 52. Kh2 Qd6+ 53. g3 Bxb2 54. Kg2 Bf6 55. h4 Qd4 56. Qc6 Be7 57. Qb7 Bc5 58. Qf3 Qf6 59. Qe2 Qxf2+ 60. Qxf2 Bxf2 61. Kxf2 Kf6 62. Ke3 Ke5 63. Kf3 Kf5 64. Kf2 Kg4 65. Kg2 f5 66. Kf2 f4 0-1

[Event "St Petersburg FINEC GM-B"]
[Site "St Petersburg"]
[Date "2008.01.27"]
[Round "4"]
[White "Khakimov, Timur"]
[Black "Ginzburg, Mikhail"]
[Result "1-0"]
[WhiteElo "2380"]
[BlackElo "2262"]
[PlyCount "65"]
[EventDate "2008.01.24"]
[EventType "tourn"]
[EventRounds "9"]
[EventCountry "RUS"]
[EventCategory "7"]
[SourceTitle "CBM 122 Extra"]
[Source "ChessBase"]
[SourceDate "2008.03.04"]
[SourceVersion "1"]
[SourceVersionDate "2008.03.04"]
[SourceQuality "1"]

1. e4 d5 2. exd5 Qxd5 3. Nc3 Qd6 4. d4 Nf6 5. Nf3 a6 6. Be3 Nc6 7. Qd2 Bg4 8. Ng5 Bf5 9. f3 e6 10. Nge4 Qd7 11. Nxf6+ gxf6 12. Ne4 Be7 13. 0-0-0 0-0-0 14. c4 Bg6 15. h4 h5 16. Be2 f5 17. Nc5 Bxc5 18. dxc5 Qxd2+ 19. Rxd2 Rxd2 20. Kxd2 f6 21. Rh3 Kd7 22. Rg3 Bf7 23. f4 e5 24. Kc3 Ke6 25. Rg7 Ne7 26. fxe5 fxe5 27. Bg5 Ng6 28. c6 bxc6 29. c5 Ne7 30. Bxa6 Nd5+ 31. Kd2 Rb8 32. Kc2 Rb4 33. Bc8# 1-0

[Event "Minsk Inautomarket op"]
[Site "Minsk"]
[Date "2007.07.11"]
[Round "2"]
[White "Ginzburg, Mikhail"]
[Black "Korobkov, Piotr"]
[Result "0-1"]
[WhiteElo "2256"]
[BlackElo "2423"]
[PlyCount "58"]
[EventDate "2007.07.10"]
[EventType "swiss"]
[EventRounds "9"]
[EventCountry "BLR"]
[SourceTitle "EXT 2008"]
[Source "ChessBase"]
[SourceDate "2007.11.25"]
[SourceVersion "1"]
[SourceVersionDate "2007.11.25"]
[SourceQuality "1"]

1. e4 c6 2. d4 d5 3. e5 Bf5 4. Be3 Qb6 5. b3 e6 6. Nf3 c5 7. c3 Nc6 8. a3 cxd4 9. cxd4 Qa5+ 10. Bd2 Bb4 11. a4 Nge7 12. Bb5 a6 13. Bxc6+ Nxc6 14. 0-0 Bxd2 15. Qxd2 Qxd2 16. Nbxd2 Rc8 17. a5 Bg4 18. h3 Bxf3 19. Nxf3 Kd7 20. Rfc1 Nb4 21. Kf1 h6 22. Rcb1 Rc2 23. Ne1 Rc3 24. Ra4 Nc2 25. Nf3 Kc6 26. Rb2 Kb5 27. Nd2 Nb4 28. Nb1 Rxb3 29. Nc3+ Kc4 0-1

[Event "EU-Cup 21st"]
[Site "Saint Vincent"]
[Date "2005.09.24"]
[Round "7.5"]
[White "Laihonen, Petteri"]
[Black "Ginzburg, Mikhail"]
[Result "1/2-1/2"]
[WhiteElo "2271"]
[BlackElo "2344"]
[PlyCount "30"]
[EventDate "2005.09.18"]
[EventType "team-swiss"]
[EventRounds "7"]
[EventCountry "ITA"]
[SourceTitle "CBM 110"]
[Source "ChessBase"]
[SourceDate "2006.01.31"]
[SourceVersion "1"]
[SourceVersionDate "2006.01.31"]
[SourceQuality "1"]
[WhiteTeam "Jyvaskyla JyS"]
[BlackTeam "Minsk Vesnianka"]
[WhiteTeamCountry "FIN"]
[BlackTeamCountry "UKR"]

1. Nf3 Nf6 2. c4 c6 3. d4 d5 4. Nc3 a6 5. c5 g6 6. Bf4 Bg7 7. h3 0-0 8. e3 Nbd7 9. Be2 b6 10. cxb6 Qxb6 11. Qc2 c5 12. 0-0 cxd4 13. exd4 Bb7 14. Na4 Qa7 15. b4 Rfc8 1/2-1/2

[Event "EU-Cup 21st"]
[Site "Saint Vincent"]
[Date "2005.09.19"]
[Round "2.5"]
[White "Ginzburg, Mikhail"]
[Black "Kovalev, Andrei"]
[Result "0-1"]
[WhiteElo "2344"]
[BlackElo "2548"]
[PlyCount "104"]
[EventDate "2005.09.18"]
[EventType "team-swiss"]
[EventRounds "7"]
[EventCountry "ITA"]
[SourceTitle "CBM 110"]
[Source "ChessBase"]
[SourceDate "2006.01.31"]
[SourceVersion "1"]
[SourceVersionDate "2006.01.31"]
[SourceQuality "1"]
[WhiteTeam "Minsk Vesnianka"]
[BlackTeam "Ashdod"]
[WhiteTeamCountry "UKR"]
[BlackTeamCountry "ISR"]

1. e4 c5 2. Nf3 e6 3. d4 cxd4 4. Nxd4 a6 5. Bd3 Bc5 6. Nb3 Ba7 7. 0-0 Nc6 8. Qg4 Qf6 9. Nc3 Nge7 10. Kh1 Ne5 11. Qg3 Nxd3 12. cxd3 Qg6 13. Qh4 d6 14. Na5 Bb6 15. Nc4 Bc7 16. Be3 b5 17. Nb6 Rb8 18. Nxc8 Rxc8 19. Rac1 Bd8 20. Qg3 Qxg3 21. hxg3 Kd7 22. Rfd1 h5 23. Kg1 Nc6 24. d4 Na5 25. b3 Bf6 26. Kf1 Be7 27. d5 Bf6 28. Bd4 Bxd4 29. Rxd4 Rc7 30. Ke1 Rhc8 31. Kd2 e5 32. Rd3 b4 33. Ne2 Nb7 34. Rxc7+ Rxc7 35. Rf3 Ke7 36. Re3 a5 37. Nc1 Nc5 38. Re1 f5 39. exf5 Kf6 40. Rh1 Ne4+ 41. Ke3 Kxf5 42. Rxh5+ g5 43. Ne2 Nf6 44. Rh8 Nxd5+ 45. Kd2 Nc3 46. Rf8+ Ke4 47. f3+ Kd5 48. Nc1 Kd4 49. Rh8 d5 50. Rh1 e4 51. Rf1 e3+ 52. Ke1 Nxa2 0-1

[Event "Minsk Inautomarket op"]
[Site "Minsk"]
[Date "2005.07.15"]
[Round "6"]
[White "Khachykian, David"]
[Black "Ginzburg, Mikhail"]
[Result "1-0"]
[WhiteElo "2001"]
[BlackElo "2344"]
[PlyCount "67"]
[EventDate "2005.07.06"]
[EventType "swiss"]
[EventRounds "9"]
[EventCountry "BLR"]
[SourceTitle "CBM 107 Extra"]
[Source "ChessBase"]
[SourceDate "2005.09.01"]
[SourceVersion "1"]
[SourceVersionDate "2005.09.01"]
[SourceQuality "1"]

1. c4 c6 2. Nf3 d5 3. b3 Bg4 4. Ne5 Bf5 5. Bb2 f6 6. Nf3 e5 7. g3 Bd6 8. Bg2 Ne7 9. 0-0 0-0 10. d3 Qd7 11. Re1 Bh3 12. Bh1 Na6 13. a3 Nc7 14. b4 Ne6 15. Nc3 d4 16. Ne4 Rad8 17. e3 dxe3 18. fxe3 c5 19. d4 exd4 20. exd4 cxd4 21. Nxd6 Qxd6 22. Nxd4 Rfe8 23. c5 Qd7 24. Nxe6 Bxe6 25. Qxd7 Bxd7 26. Bxb7 Ba4 27. Re6 Rd2 28. Rae1 Kf7 29. Bc1 Rc2 30. Bf4 Bb5 31. Bd6 Nf5 32. Rxe8 Bxe8 33. Bd5+ Kg6 34. Rxe8 1-0

[Event "Minsk Inautomarket op"]
[Site "Minsk"]
[Date "2005.07.12"]
[Round "3"]
[White "Ginzburg, Mikhail"]
[Black "Kosyrev, Vladimir"]
[Result "1/2-1/2"]
[WhiteElo "2344"]
[BlackElo "2540"]
[PlyCount "21"]
[EventDate "2005.07.06"]
[EventType "swiss"]
[EventRounds "9"]
[EventCountry "BLR"]
[SourceTitle "CBM 107 Extra"]
[Source "ChessBase"]
[SourceDate "2005.09.01"]
[SourceVersion "1"]
[SourceVersionDate "2005.09.01"]
[SourceQuality "1"]

1. e4 e6 2. d4 d5 3. Nc3 Bb4 4. e5 b6 5. Qg4 Bf8 6. Bg5 Qd7 7. 0-0-0 Ne7 8. Nge2 Ba6 9. Ng3 Bxf1 10. Rhxf1 Nbc6 11. Nh5 1/2-1/2

[Event "Minsk Inautomarket op"]
[Site "Minsk"]
[Date "2005.07.11"]
[Round "2"]
[White "Ginzburg, Mikhail"]
[Black "Novikov, Stanislav"]
[Result "1/2-1/2"]
[WhiteElo "2344"]
[BlackElo "2534"]
[PlyCount "104"]
[EventDate "2005.07.06"]
[EventType "swiss"]
[EventRounds "9"]
[EventCountry "BLR"]
[SourceTitle "CBM 107 Extra"]
[Source "ChessBase"]
[SourceDate "2005.09.01"]
[SourceVersion "1"]
[SourceVersionDate "2005.09.01"]
[SourceQuality "1"]

1. e4 c5 2. Nf3 d6 3. Bb5+ Bd7 4. Bxd7+ Nxd7 5. 0-0 Ngf6 6. Re1 e6 7. c3 Be7 8. d4 0-0 9. Nbd2 cxd4 10. cxd4 Qa5 11. Nf1 d5 12. e5 Ne4 13. Ng3 Nxg3 14. hxg3 Rac8 15. Bd2 Qa6 16. Qe2 Qxe2 17. Rxe2 Rc2 18. Rb1 Rfc8 19. Kf1 R2c4 20. Ree1 Bb4 21. Bxb4 Rxb4 22. b3 Rb6 23. Rec1 Rbc6 24. Rxc6 Rxc6 25. Ne1 f6 26. exf6 Nxf6 27. Rb2 Ne4 28. Rc2 Rc3 29. g4 Kf7 30. f3 Rxc2 31. Nxc2 Nc3 32. a3 Na2 33. Kf2 Nc1 34. Na1 e5 35. Ke3 exd4+ 36. Kxd4 Ke6 37. Ke3 Na2 38. Kd3 Nc1+ 39. Ke3 Na2 40. Kd4 Nc1 41. Ke3 Na2 42. Kd4 Kd6 43. b4 Nc1 44. Ke3 Kc6 45. Kd2 Na2 46. Nb3 Kb5 47. Kc2 Kc4 48. Nd2+ Kd4 49. Nb3+ Kc4 50. Nd2+ Kd4 51. Nb3+ Kc4 52. Nd2+ Kd4 1/2-1/2

[Event "BLR Cup"]
[Site "Minsk"]
[Date "2005.05.29"]
[Round "13"]
[White "Sergeev, Albert"]
[Black "Ginzburg, Mikhail"]
[Result "1/2-1/2"]
[WhiteElo "2346"]
[BlackElo "2329"]
[PlyCount "31"]
[EventDate "2005.05.21"]
[EventType "tourn"]
[EventRounds "15"]
[EventCountry "BLR"]
[EventCategory "2"]
[SourceTitle "EXT 2006"]
[Source "ChessBase"]
[SourceDate "2005.11.24"]
[SourceVersion "1"]
[SourceVersionDate "2005.11.24"]
[SourceQuality "1"]

1. d4 d5 2. c4 c6 3. Nc3 Nf6 4. cxd5 cxd5 5. Nf3 Nc6 6. Bf4 Bf5 7. e3 e6 8. Bd3 Bxd3 9. Qxd3 Bd6 10. Bxd6 Qxd6 11. 0-0 0-0 12. Rac1 Rac8 13. Rfd1 a6 14. Na4 Rc7 15. a3 Rfc8 16. Nc5 1/2-1/2

[Event "BLR Cup"]
[Site "Minsk"]
[Date "2005.05.28"]
[Round "11"]
[White "Ginzburg, Mikhail"]
[Black "Aliavdin, Nikolai"]
[Result "1-0"]
[WhiteElo "2329"]
[BlackElo "2326"]
[PlyCount "83"]
[EventDate "2005.05.21"]
[EventType "tourn"]
[EventRounds "15"]
[EventCountry "BLR"]
[EventCategory "2"]
[SourceTitle "EXT 2006"]
[Source "ChessBase"]
[SourceDate "2005.11.24"]
[SourceVersion "1"]
[SourceVersionDate "2005.11.24"]
[SourceQuality "1"]

1. e4 c5 2. Nf3 d6 3. Bb5+ Nd7 4. 0-0 Ngf6 5. Re1 e6 6. c3 Be7 7. d4 cxd4 8. cxd4 d5 9. e5 Ne4 10. Nbd2 Nxd2 11. Bxd2 Qb6 12. Qb3 0-0 13. Rec1 Nb8 14. Rc2 Nc6 15. Bxc6 Qxb3 16. axb3 bxc6 17. Rxc6 Bd8 18. Ba5 Bb7 19. Rc3 Bb6 20. h4 h6 21. b4 Rac8 22. Bxb6 axb6 23. Ra7 Rxc3 24. bxc3 Bc6 25. Kf1 Bb5+ 26. Ke1 Rb8 27. Kd2 Bf1 28. g3 Bc4 29. Ne1 Bb5 30. Ng2 Bf1 31. Ne3 Bb5 32. f4 Bc6 33. f5 Kf8 34. fxe6 fxe6 35. Ng2 Be8 36. Nf4 Bf7 37. h5 b5 38. g4 Rb6 39. Ra8+ Ke7 40. Ng6+ Bxg6 41. hxg6 Rc6 42. Kc2 1-0